[Event "51st World Juniors"]
[Site "Athens GRE"]
[Date "2012.08.08"]
[Round "7.17"]
[White "Jacko, Vladimir2"]
[Black "Huschenbeth, Niclas"]
[Result "0-1"]
[WhiteTitle "FM"]
[BlackTitle "GM"]
[WhiteElo "2349"]
[BlackElo "2532"]
[WhiteFideId "14915928"]
[BlackFideId "24604747"]
[EventDate "2012.08.02"]

1. e4 c5 2. Nf3 d6 3. d4 cxd4 4. Nxd4 Nf6 5. Nc3 a6 6. Bg5 Nbd7 7. f4 Qa5 8. Qf3
h6 9. Bxf6 Nxf6 10. f5 g5 11. O-O-O Bg7 12. e5 g4 13. Qf2 dxe5 14. Nb3 Qc7 15.
h3 e4 16. g3 Qe5 17. Nd4 O-O 18. Bg2 gxh3 19. Bxh3 Bd7 20. g4 Rfd8 21. Rhg1 Nh7
22. Bg2 Ng5 23. Rge1 Be8 24. Nde2 Bc6 25. Rxd8+ Rxd8 26. Ng3 Qa5 27. Nge2 Nf3
28. Rh1 Nd4 29. Nf4 Nb5 30. Nxb5 Qxa2 31. c3 axb5 32. Nh5 Bxc3 0-1

[Event "51st World Juniors"]
[Site "Athens GRE"]
[Date "2012.08.08"]
[Round "7.18"]
[White "Shyam, Sundar M."]
[Black "De Filomeno, Simone"]
[Result "1/2-1/2"]
[WhiteTitle "IM"]
[BlackTitle "FM"]
[WhiteElo "2486"]
[BlackElo "2358"]
[WhiteFideId "5019141"]
[BlackFideId "828688"]
[EventDate "2012.08.02"]

1. e4 c5 2. Nc3 Nc6 3. Bb5 g6 4. Bxc6 dxc6 5. d3 e5 6. f4 Qh4+ 7. g3 Qe7 8. Nf3
exf4 9. Bxf4 Bg7 10. Qd2 Bg4 11. O-O Nf6 12. Bg5 h6 13. e5 hxg5 14. exf6 Bxf6
15. Rae1 Be6 16. Ne4 O-O-O 17. Nxf6 Qxf6 18. Qxg5 Qxb2 19. Qxc5 Rh5 20. Re5 Rxe5
21. Nxe5 Rd5 22. Qf8+ Rd8 23. Qc5 Qxa2 24. h4 Bd5 25. Qc3 Qa6 26. Nxf7 Qb6+ 27.
Kh2 Qe3 28. Qf6 Rd7 29. Ne5 Rd6 30. Qf8+ Rd8 31. Qf4 Qe2+ 32. Rf2 Qe1 33. Rf1
Qe2+ 34. Rf2 Qd1 35. Qg4+ Qxg4 36. Nxg4 b5 37. Ne5 Rd6 38. c4 bxc4 39. dxc4 Be4
40. g4 Re6 41. Nf7 Bd3 42. c5 a5 43. Kg3 Kc7 44. Ra2 Re3+ 45. Kf2 Rh3 46. Rxa5
Rxh4 47. Ne5 Bb5 48. Ra7+ Kc8 49. Kg3 Rh1 50. Nxg6 Rc1 51. Ne5 Rxc5 52. Kf4 Rc1
53. g5 Rf1+ 54. Ke4 Rg1 55. Kf5 Be2 56. g6 Bd1 57. g7 Bb3 58. Kf6 Rf1+ 59. Ke7
Rf5 60. Kd6 Rf6+ 61. Kc5 Rf5 62. Kxc6 Rf6+ 63. Kc5 Rf5 64. Kd4 Rg5 65. Ke4 Be6
66. Re7 Kd8 67. Nc6+ Kc8 68. Nd4 Bd5+ 69. Kf4 Kd8 70. Ra7 Rg1 71. Ke5 Bc4 72.
Kf6 Rf1+ 73. Nf5 Bb3 74. Ra3 Bc4 75. Ra4 Bb3 76. Rb4 Ba2 77. Rd4+ Ke8 78. Re4+
Kd7 79. Re7+ Kd8 80. Re5 Kd7 81. Ra5 Bb3 82. Ra3 Bc4 83. Kg6 Rg1+ 84. Kh7 Rh1+
85. Nh6 Ke7 86. Rg3 Kf6 87. Rg6+ Ke7 88. g8=Q Bxg8+ 89. Kxg8 Rf1 90. Kg7 Rf2 91.
Rg1 Ke6 92. Re1+ Kd5 93. Kg6 Rg2+ 94. Kf6 Ra2 95. Ng4 Ra3 96. Ne3+ Kc5 97. Rc1+
Kb5 98. Nd5 Rh3 99. Ke5 Rh5+ 100. Ke4 Rh4+ 101. Kd3 Rh3+ 102. Ne3 Kb6 103. Rc3
Kb5 104. Kd4 Rh4+ 105. Ke5 Rh5+ 106. Nf5 Kb4 107. Rc8 Kb3 108. Ke4 Kb4 109. Nd4 1/2-1/2

[Event "51st World Juniors"]
[Site "Athens GRE"]
[Date "2012.08.08"]
[Round "7.19"]
[White "Kovalev, Vladislav"]
[Black "Aggelis, Nikolaos"]
[Result "1-0"]
[WhiteTitle "IM"]
[BlackTitle "FM"]
[WhiteElo "2485"]
[BlackElo "2352"]
[WhiteFideId "13504398"]
[BlackFideId "4213220"]
[EventDate "2012.08.02"]

1. e4 e5 2. Nf3 Nc6 3. Bb5 a6 4. Ba4 Nf6 5. O-O Be7 6. Re1 b5 7. Bb3 O-O 8. d4
d6 9. c3 Bg4 10. Be3 Bd7 11. Nbd2 Ng4 12. Nf1 Na5 13. Bc2 Nxe3 14. Nxe3 exd4 15.
cxd4 c5 16. h3 Re8 17. Qd3 g6 18. Rad1 Be6 19. Qe2 Qb6 20. d5 Bd7 21. e5 Bf8 22.
e6 fxe6 23. Ng5 Re7 24. dxe6 Bxe6 25. Be4 Rae8 26. Nxe6 Rxe6 27. Bd5 Kh8 28.
Bxe6 Rxe6 29. Qf3 Qd8 30. Nd5 Rxe1+ 31. Rxe1 Nc6 32. Nc7 Ne5 33. Rxe5 dxe5 34.
Ne6 e4 35. Qc3+ 1-0

[Event "51st World Juniors"]
[Site "Athens GRE"]
[Date "2012.08.08"]
[Round "7.20"]
[White "Shyam, Nikil P."]
[Black "Wageih, Kareim"]
[Result "1-0"]
[WhiteTitle "IM"]
[BlackTitle "IM"]
[WhiteElo "2484"]
[BlackElo "2332"]
[WhiteFideId "5024218"]
[BlackFideId "10604561"]
[EventDate "2012.08.02"]

1. e4 c6 2. d4 d5 3. Nc3 dxe4 4. Nxe4 Nd7 5. Nf3 Ngf6 6. Nxf6+ Nxf6 7. Bc4 Bf5
8. Ne5 e6 9. g4 Bg6 10. h4 Nd7 11. Nxg6 hxg6 12. g5 Nb6 13. Bb3 a5 14. a4 Be7
15. Qg4 Nd5 16. Bd2 Qb6 17. O-O-O Rh5 18. Kb1 Bb4 19. Bc1 Ne7 20. Ka2 Rd8 21. c3
Bd6 22. Rde1 Qa6 23. Bxe6 fxe6 24. Qxe6 Rh8 25. Bf4 c5 26. Qxg6+ Kf8 27. Qe6 Qc6
28. Rh3 Qd5+ 29. Qxd5 Nxd5 30. Bxd6+ Rxd6 31. dxc5 Rd7 32. Rf3+ Rf7 33. Rd3 Rf5
34. Red1 Nc7 35. Rd8+ Ne8 36. Re1 Kf7 37. g6+ Kxg6 38. Rdxe8 Rxh4 39. R8e6+ Kh7
40. Kb3 Rxc5 41. R1e5 Rxe5 42. Rxe5 Rf4 43. Rxa5 Rxf2 44. Rb5 Rf7 45. Rh5+ Kg6
46. Rh1 Rd7 47. Kc4 Kf5 48. Rh7 Kg6 49. Rh8 Kf5 50. a5 g5 51. Rg8 g4 52. Kc5 Kf4
53. Kb6 g3 54. b4 Kf3 55. b5 g2 56. c4 Kf2 57. c5 Rd5 58. c6 bxc6 59. Kxc6 Rd3
60. Rxg2+ Kxg2 61. a6 Ra3 62. Kb7 1-0

[Event "51st World Juniors"]
[Site "Athens GRE"]
[Date "2012.08.08"]
[Round "7.21"]
[White "Urkedal, Frode"]
[Black "Kleinman, Michael"]
[Result "1/2-1/2"]
[WhiteTitle "IM"]
[BlackTitle "FM"]
[WhiteElo "2473"]
[BlackElo "2330"]
[WhiteFideId "1506102"]
[BlackFideId "2609479"]
[EventDate "2012.08.02"]

1. e4 c5 2. Nf3 Nc6 3. b3 e5 4. Bb2 d6 5. h3 Nf6 6. Nc3 Be7 7. Bc4 O-O 8. O-O a6
9. a4 Be6 10. Bxe6 fxe6 11. d3 Qe8 12. Nd2 Qg6 13. Nc4 Rf7 14. Ne3 Raf8 15. Bc1
Nh5 16. Qg4 Qxg4 17. hxg4 Nf4 18. f3 Bd8 19. Nc4 Rd7 20. g3 Ng6 21. Ne2 d5 22.
exd5 exd5 23. Ne3 Bf6 24. Ba3 e4 25. Rae1 exf3 26. Rxf3 Nd4 27. Nxd4 Bxd4 28.
Rxf8+ Nxf8 29. Kf1 g6 30. Nd1 Rf7+ 31. Kg2 Nd7 32. Re6 Rf6 33. Re8+ Kf7 34. Rc8
Rc6 35. Rxc6 bxc6 36. g5 Ke6 37. g4 c4 38. dxc4 dxc4 39. Kf3 cxb3 40. cxb3 Ne5+
41. Ke4 Bb6 42. Bc1 Nxg4 43. Bf4 Bc5 44. Bg3 Bd6 45. Bxd6 Kxd6 46. b4 Ne5 47.
Ne3 Ke6 48. Kd4 Nd7 49. a5 Kd6 50. Nc4+ Ke6 51. Ne3 Kd6 52. Nc4+ Ke6 1/2-1/2

[Event "51st World Juniors"]
[Site "Athens GRE"]
[Date "2012.08.08"]
[Round "7.22"]
[White "Ivekovic, Zvonimir"]
[Black "Hansen, Eric"]
[Result "1/2-1/2"]
[BlackTitle "IM"]
[WhiteElo "2320"]
[BlackElo "2472"]
[WhiteFideId "14511320"]
[BlackFideId "2606771"]
[EventDate "2012.08.02"]

1. e4 c5 2. Nf3 d6 3. d4 cxd4 4. Nxd4 Nf6 5. Nc3 Nc6 6. Bg5 e6 7. Qd2 a6 8.
O-O-O Bd7 9. f3 b5 10. Nxc6 Bxc6 11. g4 h6 12. Be3 d5 13. e5 Nd7 14. Bd4 b4 15.
Ne2 Qc7 16. f4 Nc5 17. Kb1 Ne4 18. Qe3 Ba4 19. b3 Rc8 20. Rc1 Bb5 21. f5 Bc5 22.
Bxc5 Qxc5 23. Qxc5 Rxc5 24. Ng3 Bxf1 25. Nxe4 dxe4 26. Rhxf1 Rxe5 27. Rce1 Ke7
28. fxe6 Kxe6 29. Rf4 g5 30. Rfxe4 f6 31. Rxe5+ fxe5 32. Re4 a5 33. Kc1 Rf8 34.
Kd2 Rf2+ 35. Re2 Rxe2+ 36. Kxe2 Kd5 37. c4+ bxc3 38. Kd3 e4+ 39. Kxc3 Ke5 40.
Kd2 Kf4 41. a3 Kxg4 42. b4 axb4 43. axb4 Kf3 44. Ke1 Kf4 45. Ke2 1/2-1/2

[Event "51st World Juniors"]
[Site "Athens GRE"]
[Date "2012.08.08"]
[Round "7.23"]
[White "Thavandiran, Shiyam"]
[Black "Bajarani, Ulvi"]
[Result "0-1"]
[WhiteTitle "FM"]
[BlackTitle "IM"]
[WhiteElo "2301"]
[BlackElo "2446"]
[WhiteFideId "2605058"]
[BlackFideId "13403028"]
[EventDate "2012.08.02"]

1. c4 c6 2. g3 d5 3. Nf3 g6 4. Bg2 Bg7 5. O-O Nf6 6. b3 O-O 7. Bb2 a5 8. d3 a4
9. Nbd2 Qb6 10. Rb1 axb3 11. axb3 Na6 12. Bd4 Qd8 13. b4 Nc7 14. Qc2 Bg4 15. h3
Bxf3 16. Nxf3 Nd7 17. Bxg7 Kxg7 18. b5 Ne6 19. Qb2+ Nf6 20. bxc6 bxc6 21. Ne5
Qd6 22. Nxc6 dxc4 23. dxc4 Ra4 24. Rbc1 Rc8 25. Qb5 Ra2 26. e3 Rd2 27. c5 Qd7
28. Qb4 Ra2 29. Rfd1 Qc7 30. Nd4 Rb8 31. Nb5 Qe5 32. Bf1 Qf5 33. Rd2 Rxd2 34.
Qxd2 Ng5 35. Nd4 Nxh3+ 36. Kh2 Qxf2+ 37. Qxf2 Nxf2 38. c6 Nd5 39. Nb5 Ng4+ 40.
Kg1 Ngxe3 41. Be2 Nf5 42. Kf2 Nd6 43. Nxd6 exd6 44. Bf3 Nc7 45. Ra1 Re8 46. g4
h6 47. Ra7 Re7 48. Rb7 d5 49. Be2 Kf6 50. Ke1 Ke5 51. Kd2 Kd6 52. Rb1 Kxc6 53.
Rh1 Kd6 54. Rxh6 Ke5 55. Rh1 Kf6 56. Ra1 Ne6 57. Ra5 Nf4 58. Bf3 Kg5 59. Ra4 f6
60. Rb4 Re5 61. Rd4 Ne6 62. Rxd5 Kf4 63. Rd3 Nc5 64. Ra3 Ne4+ 65. Ke2 Nc3+ 66.
Kf2 0-1

[Event "51st World Juniors"]
[Site "Athens GRE"]
[Date "2012.08.08"]
[Round "7.24"]
[White "Valsecchi, Alessio"]
[Black "Hambleton, Aman"]
[Result "0-1"]
[WhiteTitle "IM"]
[BlackTitle "FM"]
[WhiteElo "2427"]
[BlackElo "2244"]
[WhiteFideId "818860"]
[BlackFideId "2606577"]
[EventDate "2012.08.02"]

1. e4 e6 2. d4 d5 3. Nd2 h6 4. Bd3 Nc6 5. Ngf3 Nb4 6. Be2 c5 7. c3 Nc6 8. exd5
exd5 9. dxc5 Bxc5 10. Nb3 Bb6 11. O-O Nf6 12. Qd3 O-O 13. Be3 Bxe3 14. Qxe3 Re8
15. Qd2 Ne4 16. Qc2 Bf5 17. Nfd4 Bg6 18. Nxc6 bxc6 19. Bd3 a5 20. Nd2 Qb6 21.
Rad1 Rab8 22. b3 Qc5 23. Nxe4 dxe4 24. Bc4 e3 25. Qxg6 Qxc4 26. bxc4 fxg6 27.
fxe3 Rxe3 28. Rd6 Rxc3 29. Rxc6 g5 30. Rc7 Kh7 31. h3 Rb2 32. Rff7 Kg6 33. Rxg7+
Kh5 34. Rc6 Rcc2 35. Rf7 Rxg2+ 36. Kf1 Rh2 37. Kg1 Rbg2+ 38. Kf1 Rxa2 39. Kg1
Rag2+ 40. Kf1 Rc2 41. Kg1 Rxh3 42. Ra7 Ra3 0-1

[Event "51st World Juniors"]
[Site "Athens GRE"]
[Date "2012.08.08"]
[Round "7.25"]
[White "Potpara, Nikola"]
[Black "Ghosh, Diptayan"]
[Result "0-1"]
[BlackTitle "FM"]
[WhiteElo "2201"]
[BlackElo "2417"]
[WhiteFideId "910058"]
[BlackFideId "5045207"]
[EventDate "2012.08.02"]

1. d4 d5 2. c4 c6 3. Nc3 Nf6 4. cxd5 cxd5 5. Bf4 Nc6 6. e3 a6 7. Rc1 Bf5 8. Nf3
e6 9. Qb3 Ra7 10. Ne5 Nxe5 11. Bxe5 Nd7 12. Bg3 Be7 13. Be2 O-O 14. O-O b5 15.
a4 b4 16. Nb1 Nf6 17. Nd2 Qd7 18. Nf3 Ne4 19. Ne5 Qb7 20. Nc6 Nd2 21. Qd1 Nxf1
22. Qxf1 Raa8 23. Nxe7+ Qxe7 24. Bxa6 b3 25. Rc5 Qa7 26. Rc6 Qd7 27. Bb5 Rfc8
28. Rc3 Qb7 29. Rxb3 Bc2 30. Ra3 Bxa4 31. Rxa4 Rxa4 32. Bxa4 Qxb2 33. f3 Rc1 34.
Be1 Qb1 35. Qa6 Rxe1+ 36. Kf2 g6 37. Qc8+ Kg7 38. Bc2 Rf1+ 39. Kg3 Qe1+ 0-1

[Event "51st World Juniors"]
[Site "Athens GRE"]
[Date "2012.08.08"]
[Round "7.26"]
[White "Aghayev, Miragha"]
[Black "Galopoulos, Nikolaos"]
[Result "1-0"]
[WhiteElo "2187"]
[BlackElo "2402"]
[WhiteFideId "818070"]
[BlackFideId "4208951"]
[EventDate "2012.08.02"]

1. e4 c6 2. d4 d5 3. Nd2 dxe4 4. Nxe4 Bf5 5. Ng3 Bg6 6. h4 h6 7. Nf3 e6 8. Ne5
Bh7 9. Be3 Nd7 10. f4 Ngf6 11. Bd3 Nd5 12. Qd2 Bxd3 13. Qxd3 Be7 14. h5 Nxe5 15.
dxe5 Nxe3 16. Qxe3 Qa5+ 17. c3 O-O-O 18. Ne4 f5 19. exf6 gxf6 20. Nd2 Qd5 21.
O-O-O Qxa2 22. Kc2 Qd5 23. Rhe1 Qf5+ 24. Kb3 Rd6 25. Nf3 Rxd1 26. Rxd1 Bc5 27.
Nd4 Qd5+ 28. c4 Qxh5 29. Qxe6+ Kb8 30. Nf3 Qg6 31. Ne5 Qxg2 32. Nd7+ Ka8 33.
Nxc5 Qf3+ 34. Rd3 Qxf4 35. Qe7 Qb8 36. Rd7 Qg3+ 37. Ka2 Qf4 38. Rxb7 Qxc4+ 39.
Ka3 Qxc5+ 40. Qxc5 Kxb7 41. Qe7+ Kb6 42. Qxf6 Rh7 43. Qd4+ Kb7 44. Qb4+ Ka6 45.
Qd6 Kb7 46. Qb4+ Ka6 47. Qe4 Rc7 48. Kb4 Kb6 49. Qe3+ Kb7 50. Qb3 Rd7 51. Ka5+
Kc7 52. Ka6 Rd5 53. Qg3+ Kd7 54. Qg7+ Kd6 55. Qxh6+ Kd7 56. Qg7+ Kd6 57. Kb7
Rb5+ 58. Kc8 1-0

[Event "51st World Juniors"]
[Site "Athens GRE"]
[Date "2012.08.08"]
[Round "7.27"]
[White "Mazur, Stefan"]
[Black "Muhammad, Luthfi Ali"]
[Result "1-0"]
[WhiteTitle "IM"]
[BlackTitle "CM"]
[WhiteElo "2394"]
[BlackElo "2078"]
[WhiteFideId "14909332"]
[BlackFideId "7103743"]
[EventDate "2012.08.02"]

1. d4 Nf6 2. c4 g6 3. g3 Bg7 4. Bg2 O-O 5. Nc3 d6 6. Nf3 Nc6 7. O-O a6 8. Qd3 e5
9. dxe5 dxe5 10. Qxd8 Rxd8 11. Bg5 Be6 12. Nd2 h6 13. Bxf6 Bxf6 14. Nde4 Be7 15.
Nd5 Bxd5 16. cxd5 Nb4 17. Nc3 c6 18. dxc6 Nxc6 19. Nd5 Kf8 20. Rfc1 Rd6 21. Nb6
Rad8 22. Nc4 Re6 23. Bxc6 Rxc6 24. Nxe5 Re6 25. Nc4 b5 26. Ne3 Rd2 27. a4 Bg5
28. Rc8+ Kg7 29. Nf1 Rxb2 30. axb5 Rxb5 31. e3 Bf6 32. Rd1 a5 33. Ra8 Re7 34.
Rd3 Rc7 35. Nd2 h5 36. Ne4 Be7 37. Kg2 Rb4 38. Nc3 Rb3 39. Nd5 Rxd3 40. Nxc7 Bb4
41. Ne8+ Kf8 42. Nd6+ Ke7 43. Ne4 f5 44. Ng5 Kd6 45. Rd8+ Kc5 46. Rxd3 a4 47.
Ne6+ Kc4 48. Rd4+ Kb3 49. Nf4 Bc3 50. Rxa4 Kxa4 51. Nxg6 Kb5 52. h4 Kc5 53. Nf4 1-0

[Event "51st World Juniors"]
[Site "Athens GRE"]
[Date "2012.08.08"]
[Round "7.28"]
[White "Nishant, Malhotra"]
[Black "Soors, Stef"]
[Result "0-1"]
[BlackTitle "FM"]
[WhiteElo "2076"]
[BlackElo "2364"]
[WhiteFideId "5099129"]
[BlackFideId "209511"]
[EventDate "2012.08.02"]

1. d4 Nf6 2. c4 e6 3. Nc3 Bb4 4. f3 d5 5. a3 Be7 6. e4 dxe4 7. fxe4 e5 8. d5 Bc5
9. Nf3 Bg4 10. Be2 Nbd7 11. Qc2 c6 12. Bd2 O-O 13. h3 Bxf3 14. Bxf3 cxd5 15.
cxd5 Rc8 16. g4 Ne8 17. Kf1 Nd6 18. Kg2 Bd4 19. a4 Re8 20. Rac1 Nf8 21. Qd3 Nc4
22. Ne2 Nxb2 23. Rxc8 Nxd3 24. Rxd8 Rxd8 25. Nxd4 exd4 26. Rb1 Rc8 27. Rb3 Ne5
28. Bd1 b6 29. Rb4 Rc4 30. Rb5 d3 31. a5 Nfd7 32. axb6 axb6 33. Rb4 h6 34. Kf2
g5 35. Ke3 Nc5 36. Rxb6 Rxe4+ 37. Kf2 Rd4 38. d6 Nc4 39. Rb8+ Kg7 40. Bb4 Ne4+
41. Kf3 Ncxd6 42. Bxd6 Nxd6 43. Ke3 Rd5 44. Rb4 d2 45. Rd4 Rxd4 46. Kxd4 Kf6 47.
Kd3 Ke5 48. Kxd2 Kf4 49. h4 gxh4 50. Ke1 Kg3 51. Kf1 Ne4 52. Ba4 h3 53. Bc6 Nf2 0-1

[Event "51st World Juniors"]
[Site "Athens GRE"]
[Date "2012.08.08"]
[Round "7.29"]
[White "Torres, Juan Camilo"]
[Black "Rombaldoni, Axel"]
[Result "0-1"]
[BlackTitle "IM"]
[WhiteElo "2291"]
[BlackElo "2494"]
[WhiteFideId "4405790"]
[BlackFideId "815837"]
[EventDate "2012.08.02"]

1. d4 e6 2. c4 b6 3. Nf3 Bb7 4. g3 Bxf3 5. exf3 Nf6 6. Nc3 d5 7. Bd3 Be7 8. O-O
O-O 9. cxd5 exd5 10. Bg5 h6 11. Be3 c5 12. Rc1 c4 13. Bb1 a6 14. Ne2 Re8 15. g4
Nbd7 16. Ng3 Nh7 17. Nf5 Rc8 18. Qd2 Rc6 19. Kg2 Bg5 20. f4 Be7 21. f3 Bf8 22.
Rfe1 a5 23. a3 b5 24. Bf2 Rxe1 25. Rxe1 g6 26. Ne3 Ndf6 27. f5 g5 28. Nc2 b4 29.
axb4 axb4 30. Rc1 b3 31. Ne3 Bd6 32. Nd1 Rc7 33. Be3 Re7 34. Nc3 Qe8 35. Re1 Bf4
36. Nd1 h5 37. h3 h4 38. Qc3 Kg7 39. Bf2 Rxe1 40. Qxe1 Qxe1 41. Bxe1 Nf8 42. Ba5
N8d7 43. Kf2 Nb8 44. Ne3 Nc6 45. Bc3 Na7 46. Ba5 Nc6 47. Bb6 Kf8 48. Bc5+ Ke8
49. Ke2 Kd7 50. Bb6 Nb4 51. Ba5 Nc6 52. Bc3 Ke7 53. Ng2 Bg3 54. Ke3 Nh7 55. f6+
Nxf6 56. Bf5 Bh2 57. Kf2 Na7 58. Bb4+ Bd6 59. Bd2 Nb5 60. Bxg5 Nxd4 61. Ne3 Bc5
62. Nxd5+ Kd6 63. Nxf6 Nxf5+ 64. Kf1 Ng3+ 65. Ke1 c3 66. Bc1 Bd4 0-1

[Event "51st World Juniors"]
[Site "Athens GRE"]
[Date "2012.08.08"]
[Round "7.30"]
[White "Hernandez Sanchez, Jairo Andres"]
[Black "Kanarek, Marcel"]
[Result "1/2-1/2"]
[WhiteTitle "FM"]
[BlackTitle "IM"]
[WhiteElo "2288"]
[BlackElo "2487"]
[WhiteFideId "4404017"]
[BlackFideId "1126822"]
[EventDate "2012.08.02"]

1. e4 c5 2. Nf3 Nc6 3. Bb5 e6 4. Bxc6 bxc6 5. b3 d5 6. Qe2 a5 7. Nc3 Nf6 8. e5
Nd7 9. O-O Ba6 10. d3 Nb6 11. Rd1 Be7 12. Nb1 c4 13. dxc4 Qc7 14. Bg5 dxc4 15.
Qe4 Bxg5 16. Nxg5 h6 17. Nf3 O-O 18. Nc3 Rfd8 19. Nd2 a4 20. bxc4 c5 21. Nb5
Bxb5 22. cxb5 Rd4 23. Qe1 Rad8 24. Nf3 Rc4 25. Qe2 Rc3 26. Rxd8+ Qxd8 27. Rd1
Nd5 28. Qe4 a3 29. Qa4 Qb8 30. Rd3 Nb6 31. Qh4 Rxd3 32. cxd3 Qe8 33. h3 Qxb5 34.
Qd8+ Kh7 35. Qc7 Nd7 36. Qd6 Kg8 37. Kh2 Nf8 38. d4 cxd4 39. Qxa3 Qe2 40. Qc5 d3
41. Qe3 Qxa2 42. Qxd3 Qxf2 43. Qd8 Qc5 44. Kg3 Qc6 45. h4 Qe4 46. Qb8 Qg6+ 47.
Kf2 Qc2+ 48. Kg3 Qf5 49. Qd8 Qe4 50. Qb8 Qd3 51. Kh2 Qd7 52. Kg3 Qd3 53. Kh2 g6
54. Qb4 Qf5 55. Kg3 Qd3 56. Kh2 Nd7 57. Qf4 Kg7 58. Kh1 Qd1+ 59. Kh2 Qd5 60. Kh1
Nc5 61. h5 Ne4 62. hxg6 fxg6 63. Qe3 Ng3+ 64. Kg1 Qd7 65. Qc5 Nf5 66. Kh2 Qf7
67. Qb6 Kh7 68. Nd4 Ng7 69. Qd6 Qf4+ 70. Kg1 Qe3+ 71. Kh2 Qf4+ 72. Kg1 Qg4 73.
Nf3 Qc4 74. Qd7 g5 75. Qd2 Qe4 76. Qd4 Qf5 77. Kh2 Kg6 78. Qd8 Qf4+ 79. Kg1 Qf5
80. Qd4 Kh7 81. Kh2 Kg6 82. Kg1 h5 83. Qd8 h4 84. Qh8 Qf4 85. Kh1 Qf7 86. Qd8
Qf5 87. Qh8 Qf4 88. Kg1 Qg4 89. Kh1 Qf5 90. Kg1 Qg4 91. Kh1 Qf4 92. Kg1 Qg3 93.
Qf8 h3 94. Qf6+ Kh5 95. Qf7+ Kh6 96. Qf6+ Kh5 97. Qf7+ Kh6 98. Qf6+ 1/2-1/2

[Event "51st World Juniors"]
[Site "Athens GRE"]
[Date "2012.08.08"]
[Round "7.31"]
[White "Kigel, Dmytro"]
[Black "Mihok, Oliver"]
[Result "1-0"]
[WhiteTitle "FM"]
[BlackTitle "IM"]
[WhiteElo "2276"]
[BlackElo "2456"]
[WhiteFideId "14117932"]
[BlackFideId "728012"]
[EventDate "2012.08.02"]

1. d4 d5 2. c4 c6 3. Nf3 Nf6 4. Nc3 e6 5. Bg5 h6 6. Bh4 dxc4 7. e3 b5 8. a4 Bb4
9. Nd2 Bb7 10. axb5 Bxc3 11. bxc3 cxb5 12. Rb1 Bc6 13. e4 a6 14. Qe2 Kf8 15. Qe3
Nbd7 16. Be2 Qc8 17. O-O Kg8 18. f4 Kh7 19. f5 e5 20. Bxf6 Nxf6 21. dxe5 Nd7 22.
f6 Nxe5 23. fxg7 Kxg7 24. Rf5 Qe6 25. Rbf1 Raf8 26. Rf6 Qd7 27. Qg3+ Ng6 28. Bh5
Qa7+ 29. Kh1 Be8 30. e5 Qe7 31. e6 fxe6 32. Rxg6+ Kh7 33. Re1 Rhg8 34. Rxg8 Rxg8
35. Qe5 Bxh5 36. Qxh5 Qg5 37. Qe2 a5 38. Ne4 Qg7 39. Rd1 Rf8 40. Nc5 Qxc3 41.
Nxe6 Rf6 42. Qe4+ Kg8 43. Rd8+ Kf7 44. Rd7+ Ke8 45. Nc5+ 1-0

[Event "51st World Juniors"]
[Site "Athens GRE"]
[Date "2012.08.08"]
[Round "7.32"]
[White "Barbosa, Evandro Amorim"]
[Black "Podolsky, Anton"]
[Result "1-0"]
[WhiteTitle "IM"]
[WhiteElo "2436"]
[BlackElo "2246"]
[WhiteFideId "2115824"]
[BlackFideId "14119668"]
[EventDate "2012.08.02"]

1. e4 e6 2. d4 d5 3. Nc3 Bb4 4. e5 c5 5. a3 Bxc3+ 6. bxc3 Ne7 7. Qg4 Qc7 8. Qxg7
Rg8 9. Qxh7 cxd4 10. Qd3 Qxe5+ 11. Ne2 dxc3 12. Bf4 Qg7 13. Qxc3 Nbc6 14. Qxg7
Rxg7 15. Ng3 e5 16. Bd2 Be6 17. h4 f5 18. Nh5 Rg6 19. Bg5 Kf7 20. Be2 Nd4 21.
Bd1 Rc8 22. Kd2 Bd7 23. Re1 Nec6 24. f4 e4 25. c3 Nb5 26. g4 Na5 27. gxf5 Bxf5
28. Ng3 Nc4+ 29. Kc1 Ke6 30. h5 Rgg8 31. Nxf5 Kxf5 32. Be2 Ncxa3 33. Kb2 Nc4+
34. Kb3 a6 35. Rad1 Nb6 36. Rg1 Rxc3+ 37. Kb4 Rc4+ 38. Bxc4 dxc4 39. h6 c3 40.
Rd8 Rxd8 41. Bxd8 Nd5+ 42. Kb3 Nd4+ 43. Kc4 Ne2 44. Kxd5 Nxg1 45. h7 1-0

[Event "51st World Juniors"]
[Site "Athens GRE"]
[Date "2012.08.08"]
[Round "7.33"]
[White "Larmuseau, Maarten"]
[Black "Firat, Burak"]
[Result "0-1"]
[BlackTitle "IM"]
[WhiteElo "2245"]
[BlackElo "2423"]
[WhiteFideId "209988"]
[BlackFideId "6305881"]
[EventDate "2012.08.02"]

1. e4 c5 2. c3 Nf6 3. e5 Nd5 4. d4 cxd4 5. Nf3 d6 6. cxd4 Nc6 7. Bc4 Nb6 8. Bb5
d5 9. Nc3 Bg4 10. h3 Bxf3 11. Qxf3 e6 12. Be3 Rc8 13. Rc1 a6 14. Be2 Na5 15. O-O
Nac4 16. Bxc4 Nxc4 17. b3 Na5 18. Qg4 Nc6 19. Ne2 h5 20. Qg3 g6 21. Nf4 Be7 22.
Rfd1 Rc7 23. Nd3 Kf8 24. Rd2 Kg7 25. Rdc2 Qb8 26. Nc5 Rhc8 27. Qf4 Kg8 28. a3
Qa7 29. b4 Nd8 30. Rc3 b6 31. Na4 Rxc3 32. Rxc3 Rxc3 33. Nxc3 Qc7 34. Ne2 Qc4
35. Qf3 Nc6 36. g4 h4 37. Kg2 g5 38. Kg1 Qd3 39. b5 axb5 40. Nc1 Qb1 41. Bd2
Nxd4 42. Qe3 Qe4 43. Qxe4 dxe4 44. Kf1 Bxa3 45. Bxg5 b4 46. Ne2 Nf3 47. Be7 Bb2
48. Bxb4 Bxe5 49. Nc3 Bxc3 50. Bxc3 f5 51. gxf5 exf5 52. Ke2 Kf7 53. Ke3 Kg6 54.
Bb4 Ng1 55. Be7 Kh5 56. Bd8 b5 57. Kf4 Nxh3+ 58. Kxf5 Nxf2 59. Bb6 h3 0-1

[Event "51st World Juniors"]
[Site "Athens GRE"]
[Date "2012.08.08"]
[Round "7.34"]
[White "Aravindh, Chithambaram VR."]
[Black "Rios, Cristhian Camilo"]
[Result "1-0"]
[WhiteTitle "FM"]
[BlackTitle "FM"]
[WhiteElo "2240"]
[BlackElo "2398"]
[WhiteFideId "5072786"]
[BlackFideId "4403940"]
[EventDate "2012.08.02"]

1. e4 c5 2. Nf3 e6 3. d4 cxd4 4. Nxd4 Nf6 5. Nc3 d6 6. Be3 a6 7. Qd2 b5 8. f3 b4
9. Na4 Nbd7 10. c4 bxc3 11. Nxc3 Bb7 12. Bc4 Ne5 13. Bb3 Rc8 14. Qe2 Be7 15. f4
Ned7 16. e5 dxe5 17. fxe5 Nxe5 18. Rd1 Qc7 19. Ba4+ Ned7 20. Bg5 O-O 21. Bxd7
Qxd7 22. Nf5 Qe8 23. Bxf6 Bxf6 24. Nd6 Qc6 25. O-O Rcd8 26. Nce4 Qb6+ 27. Kh1
Bxe4 28. Nxe4 Bxb2 29. Rb1 Rb8 30. Nf2 Qd4 31. Qxa6 Qd5 32. Qe2 Bd4 33. Nd3 e5
34. Rbe1 f6 35. a4 Qb3 36. a5 Qa3 37. Nf4 Bc3 38. Qc4+ Rf7 39. Rb1 Bb2 40. Nd3
Kf8 41. Rxb2 Rxb2 42. Qc8+ Ke7 43. Nxe5 Qd6 44. Nc6+ 1-0

[Event "51st World Juniors"]
[Site "Athens GRE"]
[Date "2012.08.08"]
[Round "7.35"]
[White "Stathopoulos, Ioannis"]
[Black "Anwesh, Upadhyaya"]
[Result "1-0"]
[BlackTitle "IM"]
[WhiteElo "2216"]
[BlackElo "2374"]
[WhiteFideId "4223098"]
[BlackFideId "5028949"]
[EventDate "2012.08.02"]

1. d4 d5 2. c4 c6 3. Nf3 Nf6 4. Nc3 e6 5. e3 Nbd7 6. Bd3 dxc4 7. Bxc4 b5 8. Bd3
Bd6 9. O-O O-O 10. Qc2 Bb7 11. Ng5 h6 12. Nge4 Be7 13. Rd1 Qb8 14. a3 a5 15. Rb1
Nxe4 16. Nxe4 b4 17. Bd2 Rc8 18. Nc5 Nxc5 19. dxc5 Ba6 20. Bxa6 Rxa6 21. axb4
axb4 22. Qc4 Qb5 23. Qxb4 Bxc5 24. Qf4 Raa8 25. Bc3 Rd8 26. h3 Bf8 27. Qc7 Rd5
28. e4 Rd3 29. Rxd3 Qxd3 30. Re1 c5 31. Qf4 Ra4 32. Re3 Ra1+ 33. Kh2 Qf1 34. Kg3
Rd1 35. Rf3 Rd7 36. Kh2 Kh7 37. Rg3 Rd1 38. Re3 Qh1+ 39. Kg3 Rg1 40. Qf3 c4 41.
e5 Be7 42. Re4 Kg8 43. Rxc4 g6 44. Rc8+ Kg7 45. Rc7 Rxg2+ 46. Qxg2 Bh4+ 47. Kf3
Qd1+ 48. Ke3 Qc1+ 49. Kd3 Bd8 50. Rc4 Qd1+ 51. Bd2 Qb3+ 52. Rc3 Qxb2 53. Qc6
Qb1+ 54. Ke2 Ba5 55. Rc2 Bxd2 56. Rxd2 Qa1 57. Qe4 Qa6+ 58. Qd3 Qa5 59. f4 Qc5
60. Qe3 Qc6 61. Qf3 Qc4+ 62. Kf2 Qb4 63. Qe3 Qb7 64. Kg1 Qb1+ 65. Kh2 Qf1 66.
Rf2 Qc4 67. Rb2 Qf1 68. f5 Qxf5 69. Rf2 Qb1 70. Qf3 1-0